| 000 | 00723nam a2200217Ia 4500 | ||
|---|---|---|---|
| 020 | _a9251054363 | ||
| 040 | _cOLA | ||
| 082 | _a639 FOO 2005 A083 Or. | ||
| 100 | 1 | _aHern©Łndez Serrano, Pilar | |
| 245 | 1 | 0 | _aResponsible use of antibiotics aquaculture / |
| 260 |
_aRome, Italy : _bFood and Agriculture Organization of the United Nations, _c2005 |
||
| 300 |
_ax, 97 p. ; _c28 cm |
||
| 650 | 0 | _aAquacultural biotechnology | |
| 650 | 0 | _aAntibiotics | |
| 650 | 0 | _aAntibiotics | |
| 650 | 0 | _aAntibiotics in animal nutrition | |
| 650 | 0 | _aAntibiotics in agriculture | |
| 710 | 2 | _aFood and Agriculture Organization of the United Nations | |
| 856 | 1 | 1 | _uftp://ftp.fao.org/docrep/fao/009/a0282e/a0282e00.pdf |
| 942 | _cEK | ||
| 999 |
_c16121 _d16121 |
||